BLENDED LEARNING VE VZDĚLÁVÁNÍ AKADEMICKÝCH PRACOVNÍKŮ

Bibliographic Details
Main Authors: Rohlíková, Lucie (Author), Vejvodová, Jana (Author)
Format: Article
Language:Czech

MARC

LEADER 00000nab a2200000 a 4500
001 vtls011107945
003 SK-MaSNL
005 20260303143534.0
008 230222|2013 xo |||||||||||||||||cze|
015 |a SNBRB 
035 |a (uuid)87ab1c2b-5ca0-4cb0-aaa2-6ae898d46837 
035 |a (urnnbn)urn:nbn:sk:snk:ar-a08b1m 
035 |a urn:nbn:sk:snk-ab9e7j 
040 |a SNKBUCL  |b slo  |c SNKBUCL  |e AACR2 
041 0 |a cze 
044 |a xo  |c SK 
100 1 |a Rohlíková, Lucie  |4 aut  |9 716479 
245 1 0 |a BLENDED LEARNING VE VZDĚLÁVÁNÍ AKADEMICKÝCH PRACOVNÍKŮ  |c Lucie Rohlíková, Jana Vejvodová 
700 1 |a Vejvodová, Jana  |4 aut  |9 795448 
773 0 |t Pedagogica actualis  |g Roč. 4, č. 4 (2013), s. 132-139 
958 |a OND 
958 |a EUIPO 
958 |a article13 
999 |c 1990706  |d 1992636